20 zufällige Charaktere nach Bildern - Dragonball - Statistiken

Allgemein
  • Dieses Quiz wurde 200 mal gespielt
  • Das Durchschnittsergebnis liegt bei 16 aus 20
Antwortstatistiken
Bildquiz Antwort % Korrekt
Son Gohan
100%
Son Goku
100%
C17
98%
Trunks
98%
Vegeta
98%
Boo
96%
C18
96%
Cell
96%
Mr. Satan
96%
Son Goten
96%
Bulma
95%
Piccolo
93%
C16
91%
Chi-Chi
91%
Kuririn
91%
Muten Roshi
91%
Radditz
91%
Yamchu
91%
Beerus
90%
Nappa
88%
Videl
87%
Gotenks
86%
Shenlong
86%
Freezer
85%
Babidi
80%
Dr. Gero
79%
Broly
78%
Pan
75%
Tenshinhan
75%
Whis
74%
Meister Kaio
73%
Dende
71%
Ginyu
70%
Kaioshin
68%
Oob
66%
Mr. Popo
65%
Meister Quitte
64%
Oolong
64%
King Cold
63%
Chaozu
61%
Yajirobi
60%
Dabra
59%
Baby
57%
Uranai Baba
57%
Pool
45%
Kibito
38%
Jaco
28%
Dr. Mu
27%
Keine übereinstimmenden Quizze gefunden
Verteilung der Resultate
Anzahl Personen mit jedem Resultat
Perzentil nach korrekt beantworteten Fragen
Ihre Resultats-Entwicklung
Sie haben dieses Quiz noch nicht gespielt